| 000 | 00663nam a2200253#a 4500 | ||
|---|---|---|---|
| 001 | 01065 | ||
| 003 | HDC | ||
| 007 | ta | ||
| 008 | 230623s2007 xx 000 0 eng d | ||
| 020 | _a01289535 (hbk.). | ||
| 040 | _aHDC | ||
| 050 |
_aHC 445 _b.5 M239 2007 |
||
| 245 | 0 | _aMalaysia progress | |
| 264 |
_aKuala Lumpur : _bWong Kam Choon, _c2007- |
||
| 300 |
_av. : _b col. ill. ; _c 31cm. |
||
| 650 |
_aMalaysia _xEconomic conditions. |
||
| 650 |
_aMalaysia _xEconomic development. |
||
| 650 |
_aMalaysia _xPolitics and government. |
||
| 650 |
_aMalaysia _xSocial conditions. |
||
| 942 | _2lcc | ||
| 942 | _cBK | ||
| 942 | _kHC 445 | ||
| 942 | _m.5 M239 2007 | ||
| 999 |
_c22654 _d22654 |
||